000 00501 a2200205 4500
005 20260205123634.0
008 260205b |||||||| |||| 00| 0 eng d
020 _a9789380930619
_cRs. 825.00
040 _aMAIN
082 _a355.43
_bP192G
100 _aPanda, R R
245 _aGuerrilla operation
260 _bYking Books
_c2012
_aJaipur
300 _avi, 248
650 _aDefence Study
650 _aWarfare
650 _aMilitary Science
650 _aGuerrilla Warfare
942 _cBK
999 _c395387
_d395387